Catálogo
 En Linea

La España revolucionaria / (Registro nro. 55105)

Detalles MARC
000 -CABECERA
campo de control de longitud fija 01988cam a2200361 i 4500
003 - IDENTIFICADOR DEL NÚMERO DE CONTROL
campo de control DO-SdBNP
005 - FECHA Y HORA DE LA ÚLTIMA TRANSACCIÓN
campo de control 20240301180540.0
007 - CAMPO FIJO DE DESCRIPCIÓN FÍSICA--INFORMACIÓN GENERAL
campo de control de longitud fija ta
008 - DATOS DE LONGITUD FIJA--INFORMACIÓN GENERAL
campo de control de longitud fija 751003s2014 sp 000 0 spa d
020 ## - NÚMERO INTERNACIONAL ESTÁNDAR DEL LIBRO
Número Internacional Estándar del Libro 9788420687353
040 ## - FUENTE DE LA CATALOGACIÓN
Centro catalogador/agencia de origen DO-SdBNP
Lengua de catalogación spa
Centro/agencia transcriptor BNPHU
Normas de descripción rda
082 ## - NÚMERO DE LA CLASIFICACIÓN DECIMAL DEWEY
Número de documento/Ítem M392e
Número de edición 22
100 1# - ENTRADA PRINCIPAL--NOMBRE DE PERSONA
Nombre de persona Marx, Karl,
Fechas asociadas al nombre 1818-1883
9 (RLIN) 30439
240 10 - TÍTULO UNIFORME
Título uniforme Revolutionary spain /
Lenguaje de la obra Español
245 13 - MENCIÓN DE TÍTULO
Título La España revolucionaria /
Mención de responsabilidad, etc. Karl Marx ; edición Jorge del Palacio
250 ## - MENCIÓN DE EDICIÓN
Mención de edición 2a. edición
264 #1 - PRODUCCIÓN, PUBLICACIÓN, DISTRIBUCIÓN, FABRICACIÓN Y COPYRIGHT
Producción, publicación, distribución, fabricación y copyright Madrid, España :
Nombre del de productor, editor, distribuidor, fabricante Alianza editorial,
Fecha de producción, publicación, distribución, fabricación o copyright 2014.
300 ## - DESCRIPCIÓN FÍSICA
Extensión 194 páginas
Dimensiones 18 cm.
336 ## - TIPO DE CONTENIDO
Fuente rdacontent
Término de tipo de contenido texto
Código de tipo de contenido txt
337 ## - TIPO DE MEDIO
Fuente rdamedia
Nombre/término del tipo de medio sin mediación
Código del tipo de medio n
338 ## - TIPO DE SOPORTE
Fuente rdacarrier
Nombre/término del tipo de soporte volumen
Código del tipo de soporte nc
490 1# - MENCIÓN DE SERIE
Mención de serie Historia
500 ## - NOTA GENERAL
Nota general Incluye Índice analítico.
500 ## - NOTA GENERAL
Nota general El libro de bolsillo
504 ## - NOTA DE BIBLIOGRAFÍA, ETC.
Nota de bibliografía, etc. Bibliografía p: 23-27
520 ## - SUMARIO, ETC.
Sumario, etc. El pronunciamiento liberal de 1854, conocido como "la Vicalvarada", provocó que la política española llamase la atención de la opinión pública estadounidense, interesada en saber si los cambios en la metrópoli podían afectar a sus colonias de América. Es así como Karl Marx, corresponsal del periódico New York Daily Tribune en Europa, dirige su mirada a nuestra país, escribiendo un total de 27 artículos periodísticos entre julio de 1854 y junio de 1857. Entre ellos destaca la serie de nueve que compone La España revolucionaria que aquí se presenta. En ella Marx ofrece su particular visión de las características politícas de la revolución liberal española. La presente edición cuenta con el apoyo de un glosario para conocer a los personajes, instituciones y hechos históricos a los que Marx alude.
590 ## - NOTA LOCAL (RLIN)
Nota local Inventariado, 2023/ YL
651 #4 - PUNTO DE ACCESO ADICIONAL DE MATERIA--NOMBRE GEOGRÁFICO
Nombre geográfico España
Subdivisión general Historia
Subdivisión cronológica 1808-1814 (Guerra de la Independencia)|
9 (RLIN) 84409
651 #4 - PUNTO DE ACCESO ADICIONAL DE MATERIA--NOMBRE GEOGRÁFICO
Nombre geográfico España
Subdivisión general Historia
Subdivisión cronológica 1814-1833 (Fernando VII)
9 (RLIN) 84410
700 1# - PUNTO DE ACCESO ADICIONAL--NOMBRE DE PERSONA
Nombre de persona Palacio, Jorge del
Término indicativo de función/relación edición
9 (RLIN) 42669
910 ## - DATOS DE OPCIÓN DEL USUARIO (OCLC)
Datos de opción del usuario Ylockward
942 ## - ELEMENTOS DE PUNTO DE ACCESO ADICIONAL (KOHA)
Fuente del sistema de clasificación o colocación Dewey Decimal Classification
Tipo de ítem Koha Libro
Existencias
Estado de retiro Estado de pérdida Fuente del sistema de clasificación o colocación Restricciones de uso No para préstamo Código de colección Localización permanente Ubicación/localización actual Ubicación en estantería Fecha de adquisición Fuente de adquisición Total de préstamos Signatura topográfica completa Código de barras Fecha visto por última vez Precio válido a partir de Tipo de ítem Koha Número de copia
    Dewey Decimal Classification Préstamo en sala   General Biblioteca Nacional Pedro Henríquez Ureña Biblioteca Nacional Pedro Henríquez Ureña En catalogación 02.02.2019 Librería Cuesta   M392e 2023-6738 06.10.2023 06.10.2023 Libro  
    Dewey Decimal Classification Préstamo en sala   General Biblioteca Nacional Pedro Henríquez Ureña Biblioteca Nacional Pedro Henríquez Ureña En catalogación 02.02.2019 Librería Cuesta   BNPHU GR M392e 2023-6739 06.10.2023 06.10.2023 Libro e. 2

Con tecnología Koha